All there is to know : (Record no. 18763)
[ view plain ]
| 000 -LEADER | |
|---|---|
| fixed length control field | 00619pam a2200181 a 4500 |
| 020 ## - INTERNATIONAL STANDARD BOOK NUMBER | |
| ISBN | 067176747X |
| 040 ## - CATALOGING SOURCE | |
| Transcribing agency | DLC |
| 082 00 - DEWEY DECIMAL CLASSIFICATION NUMBER | |
| Classification number | 031 SIM 1994 C152 Or. |
| 245 00 - TITLE STATEMENT | |
| Title | All there is to know : |
| Remainder of title | readings from the illustrious eleventh edition of the Encyclopaedia Britannica / |
| 260 ## - PUBLICATION, DISTRIBUTION, ETC. (IMPRINT) | |
| Place of publication | New York : |
| Name of publisher | Simon & Schuster, |
| Year of publication | c1994. |
| 300 ## - PHYSICAL DESCRIPTION | |
| Number of Pages | 432 p. : |
| Other physical details | ill. ; |
| Dimensions | 25 cm. |
| 500 ## - GENERAL NOTE | |
| General note | Based on the 28 volume, eleventh edition of the Encyclopedia Britannica. |
| 500 ## - GENERAL NOTE | |
| General note | Includes indexes. |
| 650 #0 - SUBJECT ADDED ENTRY--TOPICAL TERM | |
| Topical Term | Encyclopedias and dictionaries. |
| 700 1# - ADDED ENTRY--PERSONAL NAME | |
| Personal name | Coleman, Alexander. |
| 700 1# - ADDED ENTRY--PERSONAL NAME | |
| Personal name | Simmons, Charles, |
| 942 ## - ADDED ENTRY ELEMENTS (KOHA) | |
| Koha item type | ADB |
| 952 ## - LOCATION AND ITEM INFORMATION (KOHA) | |
| Withdrawn status [LOCAL, KOHA] | 0 |
| Koha item type | Source of acquisition | Lost status | Permanent Location | Current Location | Date acquired | Full call number |
|---|---|---|---|---|---|---|
| សៀវភៅភាសាអង់គ្លេស | A32973 | Library Block C | Library Block C | 2020-01-21 | 031 SIM 1994 C152 Or. |